|
|
|
|
| LEADER |
00000naa2a2200000 4500 |
| 001 |
621579 |
| 005 |
20240118141456.0 |
| 035 |
|
|
|a (RuTPU)RU\TPU\conf\20195
|
| 035 |
|
|
|a RU\TPU\conf\20188
|
| 090 |
|
|
|a 621579
|
| 100 |
|
|
|a 20170112d2016 k y0rusy50 ca
|
| 101 |
0 |
|
|a rus
|
| 102 |
|
|
|a RU
|
| 105 |
|
|
|a y z 101zy
|
| 135 |
|
|
|a drcn ---uucaa
|
| 181 |
|
0 |
|a i
|
| 182 |
|
0 |
|a b
|
| 200 |
1 |
|
|a Применение колебательно-вращательного режима работы в виброприводе
|f И. А. Розаев, Л. А. Паюк, Н. А. Воронина
|
| 203 |
|
|
|a Текст
|c электронный
|
| 225 |
1 |
|
|a Электрический привод
|
| 300 |
|
|
|a Заглавие с титульного экрана
|
| 320 |
|
|
|a [Библиогр.: с. 96-97 (6 назв.)]
|
| 461 |
|
1 |
|0 (RuTPU)RU\TPU\conf\20053
|t Интеллектуальные энергосистемы
|o труды IV Международного молодёжного форума, 10-14 октября 2016 г., г. Томск
|o в 3 т.
|f Национальный исследовательский Томский политехнический университет (ТПУ), Энергетический институт (ЭНИН)
|d 2016
|
| 463 |
|
1 |
|0 (RuTPU)RU\TPU\conf\20055
|t Т. 2
|v [С. 93-97]
|d 2016
|
| 610 |
1 |
|
|a труды учёных ТПУ
|
| 610 |
1 |
|
|a электронный ресурс
|
| 610 |
1 |
|
|a колебательно-вращательные режимы
|
| 610 |
1 |
|
|a виброприводы
|
| 610 |
1 |
|
|a вибродиагностика
|
| 610 |
1 |
|
|a методы контроля
|
| 610 |
1 |
|
|a вибрационная техника
|
| 610 |
1 |
|
|a МДП
|
| 700 |
|
1 |
|a Розаев
|b И. А.
|c специалист в области электротехники
|c инженер Томского политехнического университета
|f 1991-
|g Иван Андреевич
|3 (RuTPU)RU\TPU\pers\35699
|9 18859
|
| 701 |
|
1 |
|a Паюк
|b Л. А.
|c специалист в области электротехники
|c старший преподаватель Томского политехнического университета, кандидат технических наук
|f 1981-
|g Любовь Анатольевна
|3 (RuTPU)RU\TPU\pers\25685
|9 11596
|
| 701 |
|
1 |
|a Воронина
|b Н. А.
|c специалист в области электротехники
|c доцент Томского политехнического университета, кандидат технических наук
|f 1980-
|g Наталья Алексеевна
|3 (RuTPU)RU\TPU\pers\25665
|9 11576
|
| 712 |
0 |
2 |
|a Национальный исследовательский Томский политехнический университет (ТПУ)
|b Энергетический институт (ЭНИН)
|b Кафедра электропривода и электрооборудования (ЭПЭО)
|3 (RuTPU)RU\TPU\col\18674
|
| 801 |
|
2 |
|a RU
|b 63413507
|c 20170124
|g RCR
|
| 856 |
4 |
|
|u http://earchive.tpu.ru/handle/11683/36384
|
| 942 |
|
|
|c BK
|